000 00591nam a2200229Ia 4500
003 OSt
005 20220924144403.0
006 a|||||r|||| 00| 0
007 ta
008 220923b |||||||| |||| 00| 0 urd d
024 _a314097
037 _cTextual
040 _aARTS
_cARTS
_burd
041 _2urd
_aurd
082 _aO168,1MQA2,11, E1
100 _aLuckhnavi Khwaja Wazir
_9217580
245 0 _aMazhar-e-Ishaq
260 _c1919
650 _aURDU POETRY
942 _hO168,1MQA2,11, E1
_cTEXL
_2CC
999 _c456936
_d456936